| 000 | 00642cam a2200217 a 4500 | ||
|---|---|---|---|
| 001 | 000007440 | ||
| 005 | 20200929154154.0 | ||
| 008 | 960422s1995 sp c 000 0cspa | ||
| 020 | _a842048301X | ||
| 040 |
_aDO-SdBNP _cDLC _dDLC |
||
| 082 |
_a920.72 _bM778h,2001 |
||
| 100 | 1 |
_aMontero, Rosa, _d1951- _915063 |
|
| 245 | 1 | 0 |
_aHistorias de mujeres / _cRosa Montero. |
| 260 |
_aMadrid : _bAlfaguara, _cc1995. |
||
| 300 |
_a241 p. : _bil. ; _c24 cm. |
||
| 490 | 1 | _aExtra alfaguara | |
| 650 | 4 |
_aMujeres _xBiografìa _920655 |
|
| 650 | 4 |
_aBiografìa _ySIGLO XX _920656 |
|
| 830 | 0 |
_aExtra alfaguara. _916634 |
|
| 910 | _aCatalogación por copia / LC | ||
| 999 |
_c7221 _d7221 |
||